000 00638na a2200241 4500
001 14089
003 MIRAKIL
005 20181213154809.0
008 161031b tu 000 0
020 _a9789756101525
040 _aMilas
_btur
_cTR-AnCHP
041 _atur
082 _a813.42
_bB24g 2007
090 _a813.42 B24g 2007
100 _aBalkız, Ali
245 _aGiz üstü mektup
_cAli Balkız
260 _aİstanbul
_bEvrensel Basım Yayın
_c2007
300 _a103 s.
_c19 sm.
490 _aEvrensel Basım yayın
_v324
650 _aTürkçe öyküler
650 _aTürk edebiyatı
_xÖyküler
942 _2ddc
_cBKS
999 _c1002
_d1002